| 000 | 00331nam a2200121Ia 4500 | ||
|---|---|---|---|
| 008 | 240731s9999 xx 000 0 und d | ||
| 022 | _a2047-3877 | ||
| 245 | 0 | _aInternational Journal of Developmental Disabilities | |
| 260 | _bTaylor & Francis | ||
| 856 | _uhttps://www.tandfonline.com/loi/yjdd20 | ||
| 942 | _2ddc | ||
| 942 | _cTFEJ | ||
| 999 |
_c77083 _d77083 |
||
| 945 |
_a1 _bMadushi Gamage _c1 _dMadushi Gamage |
||